farmer community of field rat management by trap barrier system in samrong commune, prey chhor districe, kompongcham province (ការគ្រប់គ្រងកណ្តុស្រៃជាសហគមន៍ដោយប្រើប្រាស់ប្រព័ន្ធរបាំងផ្លាស្ទិចនិងអង្គប់ នៅក្នុងឃុំសំរោង ស្រុកព្រៃឈរ ខេត្តកំពង់ចាម) (Record no. 464)
[ view plain ]
| 000 -LEADER | |
|---|---|
| fixed length control field | 00829nam a22001577a 4500 |
| 003 - CONTROL NUMBER IDENTIFIER | |
| control field | OSt |
| 005 - DATE AND TIME OF LATEST TRANSACTION | |
| control field | 20150915095323.0 |
| 008 - FIXED-LENGTH DATA ELEMENTS--GENERAL INFORMATION | |
| fixed length control field | 150915b xxu||||| |||| 00| 0 eng d |
| 040 ## - CATALOGING SOURCE | |
| Transcribing agency | RUA |
| 082 ## - DEWEY DECIMAL CLASSIFICATION NUMBER | |
| Classification number | AGR PHA 2002 B027 Or.1 |
| 100 ## - MAIN ENTRY--PERSONAL NAME | |
| 9 (RLIN) | 484 |
| Personal name | PHAL, MALILEAK. |
| 245 ## - TITLE STATEMENT | |
| Title | farmer community of field rat management by trap barrier system in samrong commune, prey chhor districe, kompongcham province (ការគ្រប់គ្រងកណ្តុស្រៃជាសហគមន៍ដោយប្រើប្រាស់ប្រព័ន្ធរបាំងផ្លាស្ទិចនិងអង្គប់ នៅក្នុងឃុំសំរោង ស្រុកព្រៃឈរ ខេត្តកំពង់ចាម) |
| 260 ## - PUBLICATION, DISTRIBUTION, ETC. (IMPRINT) | |
| Place of publication, distribution, etc. | Phnom Penh |
| Name of publisher, distributor, etc. | RUA |
| Date of publication, distribution, etc. | 2002 |
| 300 ## - PHYSICAL DESCRIPTION | |
| Extent | 66p. |
| Other physical details | ill. |
| Dimensions | 29cm. |
| 942 ## - ADDED ENTRY ELEMENTS (KOHA) | |
| Source of classification or shelving scheme | |
| Koha item type | AGR |
| Price effective from | Date last seen | Permanent Location | Not for loan | Date acquired | Source of classification or shelving scheme | Koha item type | Lost status | Withdrawn status | Date last checked out | Total Checkouts | Shelving location | Damaged status | Barcode | Current Location | Full call number |
|---|---|---|---|---|---|---|---|---|---|---|---|---|---|---|---|
| 2015-09-15 | 2015-09-15 | Library Block B | 2015-09-15 | AGR | B027 | RUA002175 | Library Block B | AGR PHA 2002 B027 Or.1 | |||||||
| 2015-09-15 | 2015-09-15 | Library Block B | 2015-09-15 | AGR | B027 | RUA002687 | Library Block B | AGR PHA 2002 B027 Or.2 | |||||||
| 2015-09-15 | 2019-07-26 | Library Block B | 2015-09-15 | AGR | 2019-07-01 | 1 | B027 | RUA002831 | Library Block B | AGR PHA 2002 B027 Or.3 | |||||
| 2015-09-15 | 2015-09-15 | Library Block B | 2015-09-15 | AGR | B027 | RUA002613 | Library Block B | AGR PHA 2002 B027 Or.4 | |||||||
| 2015-09-15 | 2020-08-14 | Library Block B | 2015-09-15 | AGR | 2020-08-10 | 1 | B027 | RUA002685 | Library Block B | AGR PHA 2002 B027 Or.5 | |||||
| 2015-09-15 | 2015-09-15 | Library Block B | 2015-09-15 | AGR | B027 | RUA002899 | Library Block B | AGR PHA 2002 B027 Or.6 |